000 00885nam a22002537a 4500
005 20251121101442.0
008 251120b ||||| |||| 00| 0 esp d
020 _a9588175909 (obra completa)
020 _a9789588832616
040 _aCO-BoUCM
_cDavid Moreno
_dDavid Moreno
041 _aspa
100 1 0 _aTorres B, Críspulo
_9125752
245 1 3 _aEl guiñapo y la metáfora
_cCríspulo Torres B.
250 _a1a.Ed
260 _aBogota, Colombia
_bUniversidad Distrital Francisco José de Caldas
_c2014
300 _a49 Paginas
490 _aTeatro colombiano ; 3
650 1 4 _aTeatro colombiano
_925057
650 1 4 _aArtes escénicas en Colombia
_9187298
650 1 4 _aDramaturgia colombiana
_9187299
710 2 _aUniversidad Distrital
_bFacultad de Artes ASAB
_9187300
942 _2DEWEY
_a17
_cLIBRO
_e1
_h792.0986
_mT693g
_n0
999 _c325886
_d325886